| 000 | 00837nam a2200193Ii 4500 | ||
|---|---|---|---|
| 003 | JO-AjNU | ||
| 008 | 230605s9999||||xx |||||||||||||| ||und|| | ||
| 040 |
_aJO-AjNU _bara _erda _cJO-AjNU |
||
| 041 | _aara | ||
| 050 | 1 | 4 | _aLB1115 .A2888 1990 |
| 100 | 3 |
_aتاليف أبو مغلي، سميح، م.مشارك حابس سليمان العواملة، م.مشارك مصطفى الفار, _eauthor _99876 |
|
| 245 | 0 | 0 | _aطرق تعليم القراءة والكتابة للأطفال |
| 264 | 3 | 1 | _aعمان: الأهلية للنشر والتوزيع، 1990 |
| 300 |
_a112ص _bيشتمل على كشاف من (110-112) ص |
||
| 336 |
_atext _btxt _2rdacontent |
||
| 337 |
_aunmediated _bn _2rdamedia |
||
| 338 |
_avolume _bnc _2rdacarrier |
||
| 650 | 4 |
_aالقراءة والكتابة - تعلم وتعليم - طفولة مبكرة _99877 |
|
| 999 |
_aA1522 _c5090 _d5090 |
||